América latina, una y diversa: método para su análisis /
Gespeichert in:
| 1. Verfasser: | |
|---|---|
| Weitere Verfasser: | |
| Format: | Unbekannt |
| Veröffentlicht: |
ALMA MATER :
|
| Schlagworte: | |
| Tags: |
Tag hinzufügen
Keine Tags, Fügen Sie den ersten Tag hinzu!
|
MARC
| LEADER | 00000 a2200000 04500 | ||
|---|---|---|---|
| 001 | 38007 | ||
| 003 | |||
| 008 | 991231s d | ||
| 040 | |||
| 020 | |a 9968-9514 | ||
| 022 | |a 9968-9514 | ||
| 090 | |a AL 0003 C136a | ||
| 100 | |a Cairo, Heriberto | ||
| 245 | |a América latina, una y diversa: método para su análisis / |c Heriberto Cairo | ||
| 260 | |a ALMA MATER : | ||
| 300 | |a 287 p. | ||
| 650 | |a METODOS DE INVESTIGACION | ||
| 650 | |a APRENDIZAJE | ||
| 650 | |a PEDAGOGIA | ||
| 650 | |a CULTURA | ||
| 650 | |a DEMOCRACIA | ||
| 650 | |a AMERICA LATINA | ||
| 700 | |a | ||
| 700 | |a Sierra, Gerónimo de | ||
| 700 | |a | ||
| 999 | |c 3781 |d 3781 | ||
